Statistiques concernant Quiz sur PO

Cliquez ici pour prendre le quiz!

Statistiques générales

  • Ce quiz a été pris 6 fois
  • Le résultat moyen est 3 sur 8

Statistiques - réponses

HintRéponse% Correct
Nombre de pays ou j'ai vecu7
83%
Boisson préféréeIce tea
50%
footballeur préféréPogba / De Bruyne
50%
Club de coeurBarcelone
33%
Record au 100m10.80
17%
Record sur 200m21.67
17%
Poste au footButeur
17%
Ville de naissanceGenève
17%

Distribution des résultats

Percentile par nombre de réponses

% des personnes avec chaque résultat

Votre développement - résultats

Vous n’avez pas pris ce quiz